000 00830nam a2200277Ia 4500
001 18205
003 GE_BSU
008 181216s||||||||xx |||||||||||||| ||und||
020 _aISBN 9781449659851 (alk. paper)
040 _cGE_BSU
080 _a576.5
100 _aJocelyn Krebs, Stephen Kilpatrick, and Elliott Goldstein.
245 _aLewin's genes XI.
250 _a11th ed
260 _aBurlington, Mass.
260 _bJones & Bartlett Learning
260 _c2014
300 _axxvii, 940 p, col, ill., 29 cm.
300 _b+ 1 online access card.
541 _h282gel
653 _aGenetics. Genes. Genes. DNA--genetics. Genetic Processes. Genome. Proteins--genetics. RNA--genetics.
653 _aLewin's genes XI.
653 _aბიოლოგია
653 _aგენეტიკა
942 _cBK
999 _c51245
_d51245